000 00528nam a2200181Ia 4500
008 090123s9999 xx 000 0 und d
082 _b783
100 _aमिरासदार द.मा.
245 _aमिरासदारी
250 _a1
260 _bकुलकर्णी अ.अ.
300 _a346
600 _aमिरासदार द.मा.
630 _aमिरासदारी
700 _aमिरासदार द.मा.
730 _aमिरासदारी
942 _cBOOK
999 _c38870
_d38870